000 00595nam a2200181Ia 4500
008 151018s9999 xx 000 0 und d
082 _bRBASDV47184
_a891.468
100 _aअरुण शेवते
245 _aघराच्या आतबाहेर
250 _b1
260 _bअनघा प्रकाशन ठाणे
_c2008
300 _a87
600 _aअरुण शेवते
630 _aघराच्या आतबाहेर
700 _aअरुण शेवते
730 _aघराच्या आतबाहेर
942 _cBOOK
999 _c1046332
_d1046329